00429nam a2200169Ia 4500003000400000005001700004008004100021040000700062041000800069082002200077100001600099245005400115260004400169365001300213650001900226650001400245OSt20230522152041.0210423s1998 xx 000 0 und d cAL aeng a305.56 223bVIVS aVIVEK (P S) aSeavengers: exploited cases of city professionals aMumbaibHimalaya Publishing Housec1998 b150cINR aSocial Classes aSociology